MARC

LEADER 00000nam0a2200000 4500
001 237582
005 20231101231540.0
035 |a (RuTPU)RU\TPU\book\258756 
090 |a 237582 
100 |a 20130516d1979 k y0rusy50 ca 
101 0 |a rus 
102 |a RU 
105 |a y z 000zy 
200 1 |a Астрономия. Методология. Мировоззрение  |f Академия наук СССР (АН СССР), Институт философии (ИФ) ; под ред. В. В. Казютинского 
210 |a Москва  |c Наука  |d 1979 
215 |a 398 с. 
225 1 |a Материалистическая диалектика - логика и методология современного естествознания 
606 1 |a Астрономия  |2 stltpush  |3 (RuTPU)RU\TPU\subj\29567  |9 52865 
610 1 |a астрофизика 
610 1 |a методологические проблемы 
610 1 |a методология 
610 1 |a мировоззрение 
610 1 |a космология 
610 1 |a Вселенная 
610 1 |a внеземные цивилизации 
610 1 |a поиск 
675 |a 52  |v 3 
702 1 |a Казютинский  |b В. В.  |4 340 
712 0 2 |a Академия наук СССР (АН СССР)  |b Институт философии (ИФ)  |2 stltpush  |3 (RuTPU)RU\TPU\col\11338 
801 1 |a RU  |b 63413507  |c 20130516 
801 2 |a RU  |b 63413507  |c 20170914  |g RCR 
942 |c BK